Manual del ingeniero mecánico

Bibliographic Details
Main Author: Avallone, Eugene A.
Format: Section = Libro
Language:Undetermined
Spanish
Published: México McGraw-Hill 1995
Subjects:
LEADER 00621nam a2200217Ia 4500
008 240829s9999 xx 000 0 und d
020 |a 970-10-0663-1 
040 |a BIBLIOTECA-RUPAP Ref 621 A945 
041 |a spa 
082 |a Ref 621 A945 
100 1 |a Avallone, Eugene A.  
245 1 0 |a Manual del ingeniero mecánico 
260 |a México  |b McGraw-Hill  |c 1995 
300 |a p. irreg. :il. 
650 7 |a INGENIERIA MECANICA - MANUAL 
650 7 |b  TABLAS MATEMATICAS 
650 7 |c  MECANICA DE SOLIDOS 
650 7 |d  MAQUINAS DE VAPOR. I. Baumeister, Theodore. I. Tít. 
942 |c BK  |2 ddc 
991 |a TEXTO 
999 |c 10315